Szczegóły MARC21

Biznesplan po polsku /

005 -DATA I CZAS OSTATNIEJ MODYFIKACJI [,]
    • @
    • pole kontrolne
    • 20130404120025.0
020 -Międzynarod. znormalizowany nr książki - ISBN [ , ]
    • a
    • Numer ISBN
    • 9788375564327 Find
040 -Instytucja sporządzająca opis [ , ]
    • a
    • Instytucja, która sporządziła opis (NP)
    • SZCZ U/KLR
    • c
    • Instytucja, która sporządziła rekord (NP)
    • SZCZ U/KLR
    • d
    • Instytucja, która zmodyfikowała rekord (P)
    • SZCZ U/JŚ
041 -Język dokumentu [0, ]
    • a
    • Język tekstu (P)
    • polski
044 -Kraj miejsca wydania [ , ]
    • a
    • Kraj miejsca wydania
    • Polska
942 -Rodzaj dokumentu [ , ]
    • c
    • Rodzaj dokumentu
    • Książka
100 -Hasło główne - nazwa osobowa [1, ]
    • 9
    • KHW
    • 12594
    • a
    • Nazwa osobowa (NP)
    • Tokarski, Andrzej
    • c
    • Dopowiedzenie inne niż daty biograficzne (P)
    • (finanse).
245 -Strefa tytułu i oznaczenia odpowiedzialności [1,0]
    • a
    • Tytuł
    • Biznesplan po polsku / Find
    • c
    • Pozostałe elementy strefy tytułu i oznaczenia odpowiedzialności (NP)
    • Andrzej Tokarski, Maciej Tokarski, Jacek Wójcik.
250 -Strefa wydania [ , ]
    • a
    • Oznaczenie wydania (NP)
    • Wyd. 2, dodr.
260 -Strefa adresu wydawniczego [ , ]
    • a
    • Miejsce wydania (P)
    • Warszawa :
    • b
    • Nazwa wydawcy (P)
    • CeDeWu Wydawnictwa Fachowe,
    • c
    • Data wydania (P)
    • 2013.
300 -Strefa opisu fizycznego [ , ]
    • a
    • Określenie formy książki i/lub objętość (NP)
    • 213 s. :
    • b
    • Oznaczenie ilustracji (NP)
    • il. ;
    • c
    • Format (NP)
    • 23 cm.
080 -Uniwersalna Klasyfikacja Dziesiętna [ , ]
    • 2
    • Identyfikator wydania tablic
    • UDC-P058
    • 9
    • UKD
    • 2184
    • a
    • Symbol klasyfikacji
    • 005.511
    • b
    • Dopowiedzenie
    • Zarządzanie. Biznesplan.
980 -Symbol UKD [ , ]
    • a
    • UKD
    • 005.511
700 -Hasło dodatkowe - nazwa osobowa [1, ]
    • 9
    • KHW
    • 12592
    • a
    • Nazwa osobowa (NP)
    • Tokarski, Maciej. Find
700 -Hasło dodatkowe - nazwa osobowa [1, ]
    • 9
    • KHW
    • 12596
    • a
    • Nazwa osobowa (NP)
    • Wójcik, Jacek Find
    • c
    • Dopowiedzenie inne niż daty biograficzne (NP)
    • (ekonomia).
920 -ISBN [ , ]
    • a
    • ISBN
    • 978-83-7556-432-7 Find
Sygnatura Numer inwentarzowy Status udost. Data inwentaryzacji Lokalizacja
 S.94862-62014-09-01BE
 S.94863-62014-09-01BE
T.12537T.12537-22013-03-28T